000 01297nam a2200253Ia 4500
999 _c54630
_d54630
001 21697
003 GE_BSU
005 20250728161720.0
008 181216s2017||||ge |||||||||||||| ||geo||
020 _a9789941248665
040 _cGE_BSU
041 _ageo
080 _a27-36 თ-54
245 _aႧვენი. [ტ.] 28, 1 ოქტომბერი - 10 ოქტომბერი (ახალი სტილით 14 ოქტომბერი - 23 ოქტომბერი) /
_cპროექტის ავტორი და რედაქტორი თამარ მამაცაშვილი ; შემდგენელი მანანა ტუაევა ; დიზაინერი რატი თორდია.
264 _aთბილისი :
_bპალიტრა L,
_c2017.
300 _a368 გვ. ;
_c22 სმ.
490 _aჟურნალ ”კარიბჭის” ბიბლიოთეკა
541 _h6 ლ.
653 _aთვენი. 1 ოქტომბერი -10 ოქტომმბერი. 28
653 _aრელიგია
653 _aღირსი გრიგოლ ხანძთელი
653 _aწმინდანთა ცხოვრება
942 _cBK
_2udc